[Event "Niederbayernliga 1415"]
[Site "Bayern"]
[Date "2015.03.15"]
[Round "8.1"]
[White "Simin, Vladimir"]
[Black "Hartl, Rainer"]
[Result "1-0"]
[WhiteElo "1883"]
[BlackElo "1999"]
[PlyCount "51"]
[EventDate "2014.10.19"]
[EventType "team-tourn"]
[EventRounds "9"]
[EventCountry "GER"]
[SourceTitle "EXT 2023"]
[Source "ChessBase"]
[SourceDate "2022.10.05"]
[SourceVersion "1"]
[SourceVersionDate "2022.10.05"]
[SourceQuality "1"]
[WhiteTeam "Ergolding"]
[BlackTeam "Rottal II"]
[WhiteTeamCountry "GER"]
[BlackTeamCountry "GER"]

1. Nf3 c5 2. c4 Nf6 3. d4 cxd4 4. Nxd4 Nc6 5. g3 g6 6. Bg2 Bg7 7. 0-0 0-0 8. Nc3 Qb6 9. Nc2 d6 10. Rb1 Ng4 11. Nd5 Qd8 12. b3 e6 13. Nde3 Nxe3 14. Nxe3 Qc7 15. Bb2 Rb8 16. Qd2 Bxb2 17. Rxb2 f5 18. Rd1 Rd8 19. f4 b5 20. cxb5 Rxb5 21. Rc2 d5 22. a4 Rxb3 23. Nxd5 Qf7 24. Rxc6 Kf8 25. Rc7 Qe8 26. Qd4 1-0

[Event "Niederbayernliga 1415"]
[Site "Bayern"]
[Date "2015.01.31"]
[Round "6.2"]
[White "Hartl, Rainer"]
[Black "Bacholke, Michael"]
[Result "0-1"]
[WhiteElo "1999"]
[BlackElo "1872"]
[PlyCount "80"]
[EventDate "2014.10.19"]
[EventType "team-tourn"]
[EventRounds "9"]
[EventCountry "GER"]
[SourceTitle "EXT 2023"]
[Source "ChessBase"]
[SourceDate "2022.10.05"]
[SourceVersion "1"]
[SourceVersionDate "2022.10.05"]
[SourceQuality "1"]
[WhiteTeam "Rottal II"]
[BlackTeam "Deggendorf II"]
[WhiteTeamCountry "GER"]
[BlackTeamCountry "GER"]

1. e4 c5 2. Nf3 d6 3. d4 cxd4 4. Nxd4 Nf6 5. Nc3 Nc6 6. Be2 e5 7. Nb3 Be7 8. Be3 a5 9. a4 Be6 10. Bf3 Nb4 11. Nb5 0-0 12. c3 Nc6 13. Nd2 d5 14. exd5 Nxd5 15. Bxd5 Bxd5 16. 0-0 Rc8 17. Qe2 f5 18. f3 Qe8 19. Rad1 Qf7 20. c4 Be6 21. b3 Rfd8 22. Bb6 Rd7 23. Nb1 Bd8 24. Bc5 Nd4 25. Nxd4 exd4 26. Bxd4 Rxd4 27. Rxd4 Bb6 28. Rfd1 Rd8 29. Kf1 Rxd4 30. Rxd4 Bxd4 31. Na3 Qd7 32. Nb5 Bf6 33. g3 h6 34. Kg2 Kh7 35. Qe3 Bg5 36. Qb6 Bd2 37. Nd6 Qc6 38. Qd4 Bb4 39. Nb5 Qc5 40. Qe3 Qxe3 0-1

[Event "Niederbayernliga 1415"]
[Site "Bayern"]
[Date "2014.12.06"]
[Round "4.1"]
[White "Bernauer, Thomas"]
[Black "Hartl, Rainer"]
[Result "1-0"]
[WhiteElo "1928"]
[BlackElo "1999"]
[PlyCount "57"]
[EventDate "2014.10.19"]
[EventType "team-tourn"]
[EventRounds "9"]
[EventCountry "GER"]
[SourceTitle "EXT 2023"]
[Source "ChessBase"]
[SourceDate "2022.10.05"]
[SourceVersion "1"]
[SourceVersionDate "2022.10.05"]
[SourceQuality "1"]
[WhiteTeam "Grafenau"]
[BlackTeam "Rottal II"]
[WhiteTeamCountry "GER"]
[BlackTeamCountry "GER"]

1. e4 c5 2. Nf3 d6 3. d4 cxd4 4. Nxd4 Nf6 5. Nc3 a6 6. Bg5 e6 7. f4 Be7 8. Be2 Nbd7 9. Bf3 Qc7 10. Qe2 Rb8 11. a4 b6 12. 0-0 Bb7 13. Rae1 Ng8 14. Bxe7 Nxe7 15. f5 e5 16. Nb3 Nc5 17. Nxc5 Qxc5+ 18. Kh1 Nc6 19. Qd3 Rd8 20. Bd1 f6 21. Nd5 Ne7 22. Bh5+ Kd7 23. c4 Bxd5 24. cxd5 g6 25. Rc1 Qb4 26. Qxa6 Qxe4 27. Qb5+ Nc6 28. Rxc6 gxh5 29. Rc4+ 1-0

[Event "Niederbayernliga 1314"]
[Site "Bayern"]
[Date "2013.??.??"]
[Round "3"]
[White "Hartl, Rainer"]
[Black "Simin, Vladimir"]
[Result "0-1"]
[WhiteElo "1999"]
[BlackElo "1883"]
[PlyCount "76"]
[EventDate "2013.10.13"]
[EventType "team-tourn"]
[EventRounds "9"]
[EventCountry "GER"]
[SourceTitle "EXT 2023"]
[Source "ChessBase"]
[SourceDate "2022.10.05"]
[SourceVersion "1"]
[SourceVersionDate "2022.10.05"]
[SourceQuality "1"]
[WhiteTeam "Rottal II"]
[BlackTeam "Ergolding"]
[WhiteTeamCountry "GER"]
[BlackTeamCountry "GER"]

1. e4 e5 2. Nc3 Nf6 3. Bc4 Nc6 4. d3 Bb4 5. f4 d5 6. exd5 Bxc3+ 7. bxc3 Nxd5 8. Bxd5 Qxd5 9. Qf3 Be6 10. Qg3 0-0-0 11. Ne2 e4 12. d4 Qc4 13. a4 Ne7 14. Qf2 e3 15. Qxe3 Bg4 16. Qd3 Bxe2 17. Kxe2 Qc6 18. Kf2 Nd5 19. Bd2 Qf6 20. g3 g5 21. f5 h5 22. Rab1 c6 23. Rhf1 g4 24. Rbe1 h4 25. Kg2 Rh5 26. Qe4 Rdh8 27. Qxg4 hxg3 28. Re8+ Rxe8 29. Qxh5 gxh2 30. Bg5 Rg8 31. Qxh2 Qxg5+ 32. Kh1 Qf6 33. Rf3 Qg5 34. Rf1 Qg4 35. Rg1 Qe4+ 36. Rg2 Qxg2+ 37. Qxg2 Rxg2 38. Kxg2 Nxc3 0-1

[Event "Regionalliga SO 1112"]
[Site "Bayern"]
[Date "2012.02.26"]
[Round "7.1"]
[White "Zenker, Ulrich"]
[Black "Hartl, Rainer"]
[Result "1-0"]
[WhiteElo "2136"]
[BlackElo "2014"]
[PlyCount "109"]
[EventDate "2011.10.02"]
[EventType "team-tourn"]
[EventRounds "9"]
[EventCountry "GER"]
[SourceTitle "EXT 2015"]
[Source "ChessBase"]
[SourceDate "2014.11.20"]
[SourceVersion "1"]
[SourceVersionDate "2014.11.20"]
[SourceQuality "1"]
[WhiteTeam "Ebersberg Grafing"]
[BlackTeam "Rottal II"]
[WhiteTeamCountry "GER"]
[BlackTeamCountry "GER"]

1. e4 c5 2. Nf3 d6 3. Bb5+ Bd7 4. Bxd7+ Qxd7 5. c4 Nc6 6. d4 cxd4 7. Nxd4 Nf6 8. Nc3 e6 9. 0-0 Be7 10. Be3 Rc8 11. f3 0-0 12. Qd2 Ne5 13. b3 Rfd8 14. Rad1 d5 15. exd5 exd5 16. Nxd5 Nxd5 17. cxd5 Qxd5 18. Nf5 Qe6 19. Nxe7+ Qxe7 20. Qe2 Ng6 21. Qf2 b6 22. Rfe1 Rxd1 23. Rxd1 h6 24. g3 Qb7 25. Bd4 Rd8 26. Re1 Nf8 27. Bb2 Ne6 28. Kg2 Ng5 29. Re3 Qd7 30. Qe2 Qh3+ 31. Kg1 Ne6 32. Re5 Rc8 33. Qf1 Qxf1+ 34. Kxf1 Rc2 35. Re2 Rxe2 36. Kxe2 Kf8 37. Kd3 Ke7 38. Kc4 Kd6 39. a4 g6 40. b4 a6 41. Bc1 h5 42. Be3 Kc6 43. b5+ axb5+ 44. axb5+ Kb7 45. Kd5 Nc7+ 46. Kd6 f6 47. Bf2 Nxb5+ 48. Ke6 f5 49. Kf6 Nd6 50. Kxg6 Kc6 51. Kxh5 b5 52. Be1 Kd5 53. Kg6 Ke6 54. h4 Nc4 55. f4 1-0

[Event "Regionalliga SO 1112"]
[Site "Bayern"]
[Date "2011.12.11"]
[Round "4.2"]
[White "Hartl, Rainer"]
[Black "Hauschild, Helmut"]
[Result "1-0"]
[WhiteElo "2014"]
[BlackElo "2147"]
[PlyCount "65"]
[EventDate "2011.10.02"]
[EventType "team-tourn"]
[EventRounds "9"]
[EventCountry "GER"]
[SourceTitle "EXT 2013"]
[Source "ChessBase"]
[SourceDate "2012.11.22"]
[SourceVersion "1"]
[SourceVersionDate "2012.11.22"]
[SourceQuality "1"]
[WhiteTeam "Rottal II"]
[BlackTeam "Waldkraiburg"]
[WhiteTeamCountry "GER"]
[BlackTeamCountry "GER"]

1. e4 c6 2. d4 d5 3. f3 g6 4. c3 Bg7 5. Bg5 Qa5 6. h4 dxe4 7. fxe4 h6 8. Be3 Nf6 9. Nd2 Ng4 10. Qf3 Nxe3 11. Qxe3 Bg4 12. Bc4 0-0 13. Nh3 Bxh3 14. Qxh3 b5 15. Bb3 Na6 16. h5 g5 17. e5 c5 18. Ne4 cxd4 19. Qf5 Qc7 20. cxd4 e6 21. Nf6+ Bxf6 22. Qxf6 Kh7 23. 0-0 Nb4 24. Rac1 Qd8 25. Qf2 Kg7 26. Rc3 Nd5 27. Bxd5 exd5 28. Rc6 Qe7 29. Qc2 Qb4 30. Qf2 Kh7 31. Qf5+ Kg7 32. Qf6+ Kg8 33. e6 1-0

[Event "Niederbayernliga 1011"]
[Site "Germany"]
[Date "2011.04.10"]
[Round "9.1"]
[White "Hartl, Rainer"]
[Black "Ott, Anton"]
[Result "1-0"]
[WhiteElo "2014"]
[BlackElo "1925"]
[PlyCount "35"]
[EventDate "2010.10.10"]
[EventType "team-tourn"]
[EventRounds "9"]
[EventCountry "GER"]
[SourceTitle "EXT 2012"]
[Source "ChessBase"]
[SourceDate "2011.11.24"]
[SourceVersion "1"]
[SourceVersionDate "2011.11.24"]
[SourceQuality "1"]
[WhiteTeam "Rottal II"]
[BlackTeam "Roehrnbach"]
[WhiteTeamCountry "GER"]
[BlackTeamCountry "GER"]

1. e4 Nf6 2. Nc3 d5 3. exd5 Nxd5 4. Bc4 c6 5. d4 Bf5 6. Nf3 e6 7. 0-0 Nxc3 8. bxc3 Bd6 9. a4 0-0 10. Ba3 Re8 11. Bxd6 Qxd6 12. Re1 Nd7 13. Ne5 Rad8 14. Re3 Nb6 15. Bd3 Bxd3 16. Qxd3 c5 17. Rh3 g6 18. Nxf7 1-0

[Event "Niederbayernliga 1011"]
[Site "Germany"]
[Date "2011.03.20"]
[Round "8.2"]
[White "Hartl, Rainer"]
[Black "Wimmer, Martin1111"]
[Result "0-1"]
[WhiteElo "2014"]
[BlackElo "1836"]
[PlyCount "60"]
[EventDate "2010.10.10"]
[EventType "team-tourn"]
[EventRounds "9"]
[EventCountry "GER"]
[SourceTitle "EXT 2012"]
[Source "ChessBase"]
[SourceDate "2011.11.24"]
[SourceVersion "1"]
[SourceVersionDate "2011.11.24"]
[SourceQuality "1"]
[WhiteTeam "Rottal II"]
[BlackTeam "Schaibing"]
[WhiteTeamCountry "GER"]
[BlackTeamCountry "GER"]

1. e4 c6 2. d4 d5 3. f3 e5 4. exd5 Qxd5 5. dxe5 Qxe5+ 6. Ne2 Bc5 7. c3 Nf6 8. Bf4 Qe7 9. b4 Bb6 10. Qd6 Nd5 11. Qxe7+ Kxe7 12. Be5 f6 13. Bd4 Rd8 14. Bxb6 axb6 15. a4 Bf5 16. Nd2 Ne3 17. Ra2 Be6 18. Rb2 Rxa4 19. Nd4 Ra1+ 20. Ke2 Nd5 21. Kf2 Nxc3 22. Nxe6 Nd1+ 23. Ke2 Kxe6 24. Rb3 Kf7 25. g3 Re8+ 26. Ne4 f5 27. Kd2 fxe4 28. Bc4+ Kf6 29. Be2 Ra2+ 30. Kxd1 Rd8+ 0-1

[Event "Niederbayernliga 1011"]
[Site "Germany"]
[Date "2010.11.14"]
[Round "3.1"]
[White "Wolf, Andreas"]
[Black "Hartl, Rainer"]
[Result "1/2-1/2"]
[WhiteElo "1954"]
[BlackElo "2014"]
[PlyCount "99"]
[EventDate "2010.10.10"]
[EventType "team-tourn"]
[EventRounds "9"]
[EventCountry "GER"]
[SourceTitle "EXT 2012"]
[Source "ChessBase"]
[SourceDate "2011.11.24"]
[SourceVersion "1"]
[SourceVersionDate "2011.11.24"]
[SourceQuality "1"]
[WhiteTeam "Grafenau"]
[BlackTeam "Rottal II"]
[WhiteTeamCountry "GER"]
[BlackTeamCountry "GER"]

1. e4 c5 2. c3 Qa5 3. Nf3 Nc6 4. Be2 Nf6 5. d3 e5 6. 0-0 Be7 7. Nbd2 0-0 8. Nc4 Qc7 9. Bg5 d6 10. Re1 Ng4 11. Bxe7 Nxe7 12. h3 Nf6 13. Qc2 Ng6 14. Rad1 Be6 15. Bf1 Rac8 16. Ng5 Qd7 17. Ne3 Nh5 18. Kh2 Qe7 19. Nf3 f5 20. exf5 Bxf5 21. Nxf5 Rxf5 22. d4 Rcf8 23. dxc5 dxc5 24. Bd3 Rxf3 25. gxf3 Qh4 26. Bxg6 hxg6 27. Qxg6 Rxf3 28. Rd8+ Qxd8 29. Qxh5 Rxf2+ 30. Kg1 Rxb2 31. Qxe5 Qd7 32. Qh5 Kf8 33. Rf1+ Kg8 34. Re1 Kf8 35. Qh8+ Kf7 36. Qh5+ Kf8 37. Qxc5+ Kg8 38. Qc4+ Kh8 39. Qh4+ Kg8 40. Qh5 Kf8 41. Rf1+ Kg8 42. Re1 Kf8 43. Qh7 Qd5 44. Qh8+ Kf7 45. Qe8+ Kf6 46. Qe7+ Kf5 47. Qxg7 Qc5+ 48. Kh1 Qc6+ 49. Kg1 Qb6+ 50. Kh1 1/2-1/2

[Event "Niederbayernliga 0910"]
[Site "Germany"]
[Date "2009.11.29"]
[Round "3.1"]
[White "Wimmer, Alfred"]
[Black "Hartl, Rainer"]
[Result "1/2-1/2"]
[WhiteElo "2048"]
[BlackElo "1969"]
[PlyCount "26"]
[EventDate "2009.10.18"]
[EventType "team-tourn"]
[EventRounds "9"]
[EventCountry "GER"]
[SourceTitle "EXT 2011"]
[Source "ChessBase"]
[SourceDate "2010.11.26"]
[SourceVersion "1"]
[SourceVersionDate "2010.11.26"]
[SourceQuality "1"]
[WhiteTeam "Adlkofen"]
[BlackTeam "Rottal II"]
[WhiteTeamCountry "GER"]
[BlackTeamCountry "GER"]

1. g3 e6 2. Bg2 Nf6 3. c4 d5 4. Nf3 c6 5. b3 Be7 6. Bb2 Nbd7 7. 0-0 0-0 8. d3 Rb8 9. Nbd2 b5 10. cxd5 cxd5 11. Qc2 Bb7 12. Rac1 Rc8 13. Qb1 Qa5 1/2-1/2

[Event "Niederbayernliga 0910"]
[Site "Germany"]
[Date "2009.11.15"]
[Round "2.1"]
[White "Hartl, Rainer"]
[Black "Schmidt, Peter"]
[Result "0-1"]
[WhiteElo "1969"]
[BlackElo "2351"]
[PlyCount "54"]
[EventDate "2009.10.18"]
[EventType "team-tourn"]
[EventRounds "9"]
[EventCountry "GER"]
[SourceTitle "EXT 2011"]
[Source "ChessBase"]
[SourceDate "2010.11.26"]
[SourceVersion "1"]
[SourceVersionDate "2010.11.26"]
[SourceQuality "1"]
[WhiteTeam "Rottal II"]
[BlackTeam "Roehrnbach"]
[WhiteTeamCountry "GER"]
[BlackTeamCountry "GER"]

1. e4 g6 2. d4 Bg7 3. Bc4 d6 4. Nf3 Nf6 5. Nc3 0-0 6. 0-0 Nxe4 7. Nxe4 d5 8. Bd3 dxe4 9. Bxe4 Nd7 10. c3 c5 11. Be3 Nf6 12. Bd3 cxd4 13. Bxd4 b6 14. a4 Bb7 15. Re1 Qc7 16. Be2 Rfd8 17. Qb3 Ng4 18. g3 e5 19. Be3 Nxe3 20. fxe3 Qc5 21. Rf1 Qxe3+ 22. Rf2 Bf8 23. Re1 Bxf3 24. Qxf7+ Kxf7 25. Bc4+ Kg7 26. Rxe3 Rd1+ 27. Bf1 e4 0-1

[Event "Niederbayernliga 0708"]
[Site "Germany"]
[Date "2007.11.25"]
[Round "3.1"]
[White "Hartl, Rainer"]
[Black "Huwa, Walter"]
[Result "1/2-1/2"]
[WhiteElo "1982"]
[BlackElo "2157"]
[PlyCount "40"]
[EventDate "2007.10.21"]
[EventType "team"]
[EventRounds "9"]
[EventCountry "GER"]
[SourceTitle "EXT 2009"]
[Source "ChessBase"]
[SourceDate "2008.11.26"]
[SourceVersion "1"]
[SourceVersionDate "2008.11.26"]
[SourceQuality "1"]
[WhiteTeam "Rottal II"]
[BlackTeam "Straubing"]
[WhiteTeamCountry "GER"]
[BlackTeamCountry "GER"]

1. e4 c5 2. Nf3 d6 3. d4 cxd4 4. Nxd4 a6 5. Nc3 e6 6. Bc4 Nf6 7. f3 Be7 8. Be3 b5 9. Bb3 Qc7 10. Qd2 Nc6 11. g4 Na5 12. g5 Nh5 13. 0-0-0 Nxb3+ 14. axb3 Bb7 15. Nde2 0-0-0 16. Qe1 Bc6 17. Nd4 Kb7 18. Nxc6 Qxc6 19. Rd3 Rc8 20. Qd2 Rhd8 1/2-1/2

[Event "Landesliga Sued 0203"]
[Site "Bayern"]
[Date "2002.10.20"]
[Round "1.8"]
[White "Kuehn, Karsten"]
[Black "Hartl, Rainer"]
[Result "1-0"]
[WhiteElo "2012"]
[BlackElo "1960"]
[PlyCount "129"]
[EventDate "2002.10.20"]
[EventType "team-tourn"]
[EventRounds "9"]
[EventCountry "GER"]
[SourceTitle "EXT 2004"]
[Source "ChessBase"]
[SourceDate "2003.11.25"]
[SourceVersion "1"]
[SourceVersionDate "2003.11.25"]
[SourceQuality "1"]
[WhiteTeam "Graefelfing"]
[BlackTeam "Pfarrkirchen SC"]
[WhiteTeamCountry "GER"]
[BlackTeamCountry "GER"]

1. e4 c5 2. Nc3 d6 3. f4 e6 4. Bc4 a6 5. a4 Nf6 6. Bb3 b6 7. d3 Be7 8. Nf3 Nc6 9. 0-0 Bb7 10. Qe1 Na5 11. Ba2 d5 12. e5 Ng8 13. Qg3 g6 14. f5 exf5 15. Bf4 d4 16. Ne2 Bd5 17. Bxd5 Qxd5 18. Bd2 Qc6 19. Nf4 0-0-0 20. Bxa5 bxa5 21. Nd2 h5 22. Nc4 g5 23. Ne2 Nh6 24. Nxa5 Qc7 25. Nc4 f4 26. Qf3 Qb7 27. Ra3 Qxf3 28. Rxf3 Kc7 29. Rb3 Rb8 30. Rxb8 Rxb8 31. g3 fxg3 32. Nxg3 h4 33. Nf5 Nxf5 34. Rxf5 Rf8 35. h3 Kd7 36. Kg2 Ke6 37. Rf1 f5 38. exf6 Bxf6 39. Nd2 Rb8 40. b3 Be7 41. Re1+ Kd7 42. Ne4 Rf8 43. Rf1 Rxf1 44. Kxf1 Ke6 45. Kg2 Kf5 46. Kf3 Bf8 47. Nd2 Bd6 48. Nc4 Bc7 49. a5 Bb8 50. Nb6 Bc7 51. Nc4 g4+ 52. hxg4+ Kg5 53. Nd2 h3 54. Ne4+ Kh4 55. g5 Kh5 56. Nxc5 Bxa5 57. Nxa6 Kxg5 58. b4 Bb6 59. Kg3 h2 60. Kxh2 Kf4 61. Kg2 Ke3 62. Nc5 Kd2 63. Kf3 Kxc2 64. Ke4 Kc3 65. Na4+ 1-0

[Event "Bayern-ch 73rd"]
[Site "Pfarrkirchen"]
[Date "2002.08.31"]
[Round "9"]
[White "Wunder, Horst"]
[Black "Hartl, Rainer"]
[Result "1-0"]
[WhiteElo "2087"]
[BlackElo "1960"]
[PlyCount "43"]
[EventDate "2002.08.24"]
[EventType "swiss"]
[EventRounds "9"]
[EventCountry "GER"]
[SourceTitle "EXT 2015"]
[Source "ChessBase"]
[SourceDate "2014.11.20"]
[SourceVersion "1"]
[SourceVersionDate "2014.11.20"]
[SourceQuality "1"]

1. Nf3 c5 2. c4 Nc6 3. d4 cxd4 4. Nxd4 Nf6 5. Nc3 e6 6. g3 Bb4 7. Bg2 a6 8. 0-0 0-0 9. Nc2 Bc5 10. a3 b6 11. b4 Be7 12. b5 axb5 13. cxb5 Qc7 14. bxc6 dxc6 15. Ne1 Ba6 16. Qc2 Rad8 17. Nf3 Nd7 18. Bb2 Nc5 19. Rfd1 Bc4 20. Rxd8 Bxd8 21. Ne4 Bb5 22. Nxc5 1-0

[Event "Landesliga Sued 0102"]
[Site "Bayern"]
[Date "2002.04.14"]
[Round "8.8"]
[White "Hartl, Rainer"]
[Black "Gergen, Harald"]
[Result "1-0"]
[WhiteElo "1950"]
[BlackElo "2030"]
[PlyCount "103"]
[EventDate "2001.10.07"]
[EventType "team-tourn"]
[EventRounds "9"]
[EventCountry "GER"]
[SourceTitle "EXT 2003"]
[Source "ChessBase"]
[SourceDate "2002.11.25"]
[SourceVersion "1"]
[SourceVersionDate "2002.11.25"]
[SourceQuality "1"]
[WhiteTeam "Pfarrkirchen SC"]
[BlackTeam "Kriegshaber"]
[WhiteTeamCountry "GER"]
[BlackTeamCountry "GER"]

1. e4 c5 2. Nf3 e6 3. d4 cxd4 4. Nxd4 Nf6 5. Bd3 Nc6 6. Nb3 Be7 7. Nc3 0-0 8. 0-0 d5 9. exd5 exd5 10. Be3 Be6 11. Ne2 Re8 12. Ned4 Rc8 13. Nf5 Bf8 14. Nbd4 g6 15. Ng3 Qd7 16. Qd2 Bg7 17. c3 Ng4 18. Nxe6 fxe6 19. Bb5 a6 20. Bxc6 bxc6 21. Bc5 e5 22. Rae1 e4 23. Nxe4 Rb8 24. Ng3 Ne5 25. b3 Qf7 26. Bd4 Nd7 27. Bxg7 Qxg7 28. Re3 Rf8 29. Rfe1 Rf7 30. Re8+ Rxe8 31. Rxe8+ Rf8 32. Rxf8+ Qxf8 33. Qe3 Qd6 34. Ne2 c5 35. g3 Kg7 36. Qf4 Qc6 37. Qg5 Qe6 38. Qd2 Nf6 39. Nf4 Qd6 40. Qe3 Kf7 41. f3 Qd7 42. Qxc5 g5 43. Nd3 Qe6 44. Qc7+ Kg6 45. Qe5 Qb6+ 46. Kg2 Qa5 47. a4 Qb6 48. b4 Qc6 49. Nc5 h6 50. Qe6 Qc7 51. Qxa6 Qe5 52. Nd7 1-0

[Event "Regionalliga SO 9798"]
[Site "Bayern"]
[Date "1998.??.??"]
[Round "?.7"]
[White "Hartl, Rainer"]
[Black "Hofbauer, Bernhard"]
[Result "0-1"]
[WhiteElo "1910"]
[BlackElo "1960"]
[PlyCount "62"]
[EventDate "1997.10.19"]
[EventType "team-tourn"]
[EventRounds "9"]
[EventCountry "GER"]
[SourceTitle "EXT 2020"]
[Source "ChessBase"]
[SourceDate "2019.10.17"]
[SourceVersion "1"]
[SourceVersionDate "2019.10.17"]
[SourceQuality "1"]
[WhiteTeam "Pfarrkirchen SC"]
[BlackTeam "Ilmmuenster"]
[WhiteTeamCountry "GER"]
[BlackTeamCountry "GER"]

1. e4 c6 2. d4 d5 3. Nc3 dxe4 4. Nxe4 Bf5 5. Ng3 Bg6 6. h4 h6 7. h5 Bh7 8. Nf3 Nd7 9. Bd3 Bxd3 10. Qxd3 Qc7 11. Be3 e6 12. Nd2 Ngf6 13. Nde4 Be7 14. c4 Nxe4 15. Nxe4 Nf6 16. Nxf6+ Bxf6 17. Qa3 Qe7 18. Qa5 b6 19. Qa4 0-0 20. 0-0 Rfd8 21. Rad1 Qb7 22. Rd2 b5 23. cxb5 cxb5 24. Qd1 Rd5 25. Qg4 Kh8 26. Qf3 Qe7 27. Rc1 Rad8 28. Qf4 e5 29. Qg3 exd4 30. Bf4 Rxh5 31. Rc7 Qe1# 0-1

[Event "Regionalliga SO 9798"]
[Site "Bayern"]
[Date "1998.??.??"]
[Round "?.8"]
[White "Schmidbauer, Franz"]
[Black "Hartl, Rainer"]
[Result "0-1"]
[WhiteElo "1900"]
[BlackElo "1910"]
[PlyCount "82"]
[EventDate "1997.10.19"]
[EventType "team-tourn"]
[EventRounds "9"]
[EventCountry "GER"]
[SourceTitle "EXT 2020"]
[Source "ChessBase"]
[SourceDate "2019.10.17"]
[SourceVersion "1"]
[SourceVersionDate "2019.10.17"]
[SourceQuality "1"]
[WhiteTeam "Deggendorf"]
[BlackTeam "Pfarrkirchen SC"]
[WhiteTeamCountry "GER"]
[BlackTeamCountry "GER"]

1. e4 c5 2. Nf3 d6 3. d3 g6 4. Nbd2 Bg7 5. g3 Nc6 6. Bg2 e6 7. 0-0 Nge7 8. c3 Qc7 9. a4 Rb8 10. Nc4 Na5 11. Nxa5 Qxa5 12. Bf4 e5 13. Bg5 Qc7 14. Qd2 0-0 15. Bh6 Nc6 16. Bxg7 Kxg7 17. Nh4 Qe7 18. f4 exf4 19. Rxf4 b5 20. axb5 Rxb5 21. d4 Rb6 22. Rf2 Ba6 23. dxc5 dxc5 24. Rf5 Bc4 25. Qf2 Ne5 26. b4 Rfb8 27. h3 Kg8 28. Rxe5 Qxe5 29. Rxa7 cxb4 30. cxb4 Rxb4 31. Nf3 Qf6 32. e5 Qb6 33. Qxb6 R4xb6 34. h4 Rb2 35. Ng5 Rb1+ 36. Kh2 R1b2 37. Kg1 Rb1+ 38. Kh2 R8b2 39. Ra8+ Kg7 40. e6 Rxg2+ 41. Kxg2 Bd5+ 0-1